000
00328nam a22001337a 4500
005
20250901165811.0
008
250324b |||||||| |||| 00| 0 eng d
020
_a
9789966011589
050
_a
PL 8708.9 S26 2011
245
_a
YASINYA
_c
SANJA LEONARD
260
_a
NAIROBI1
_b
FOCUS PUBLISHERS
_c
2011
300
_a
178
942
_2
lcc
999
_c
9409
_d
9409